000 00935nam a22002417a 4500
001 78808
003 BD-RjUL
005 20211209083157.0
008 211116s2019 bg ||||| |||| 00| 0 ben d
020 _a9789840422401
_c: Tk. 350.00
035 _a(BD-RjUL)79035
040 _aBD-RjUL
_beng
_cBD-RjUL
041 _aben
082 _223
_a954.9205092
_bSAB 2019
100 _aসরকার, মোনায়েম
_9250124
245 1 0 _aবাংলাদেশ শেখ মুজিব থেকে শেখ হাসিনা /
_cমোনায়েম সরকার
260 _aঢাকা :
_bআগামী প্রকাশনী,
_c২০১৯
600 _aমুজিবুর রহমান ,
_cশেখ,
_d১৯২০-১৯৭৫
_9250129
600 _aMujibur Rahman,
_cSheikh,
_d1920-1975
_9250130
651 _aবাংলাদেশ
_9250127
651 _aBangladesh
_9250128
942 _2ddc
_cBK
999 _c78808
_d78808